000 01300cam a2200313 a 4500
999 _c342324
_d342324
001 652882
003 NUST
005 20171218121720.0
008 940617s1995 nyua 001 0 eng
010 _a 94022328
020 _a0070216517
040 _aDLC
_cDLC
_dDLC
050 0 0 _aTH435
_b.F72 1995
082 0 0 _a692.5 FOS
_220
245 0 0 _aConstruction estimates :
_bfrom take-off to bid /
_cNorman Foster ... [et al.].
250 _a3rd ed.
260 _aNew York :
_bMcGraw-Hill,
_cc1995.
300 _axiv, 240 p. :
_bill. ;
_c25 cm.
500 _aPrevious ed. cataloged under: Foster, Norman. G.
500 _aAccompanied by: Working drawings for construction estimates from take-off to bid / by Norman Foster inserted in pocket.
500 _aIncludes index.
501 _aH.B
650 0 _aBuilding
_xEstimates.
_97436
700 1 _aFoster, Norman G.,
_d1916-
_97437
700 1 _aFoster, Norman G.,
_d1916-
_tWorking drawings for construction estimates from take-off to bid.
_97438
740 0 _aConstruction estimates from take-off to bid.
906 _a7
_bcbc
_corignew
_d1
_eocip
_f19
_gy-gencatlg
942 _2ddc
_cBK
_kIESE